| 000 | 00474nam a22001697a 4500 | ||
|---|---|---|---|
| 003 | MACL | ||
| 005 | 20160203171713.0 | ||
| 008 | 160203b xxu||||| |||| 00| 0 eng d | ||
| 040 | _cMACL | ||
| 041 | _aHindi | ||
| 082 | _a891.433/JAY | ||
| 100 |
_aजयप्रकाश _936775 |
||
| 245 | _aसमय का चेहरा | ||
| 260 |
_aदिल्ली _bराही प्रकाशन _c2011 |
||
| 650 |
_aलघु कथाऍ _936776 |
||
| 942 |
_2ddc _cHIN |
||
| 999 |
_c53167 _d53167 |
||